Impresionismus! : nálady a imprese ve francouzském a českém umění /

Hlavní autor: Hnojil, Adam, 1976-
Korporativní autor: Alšova jihočeská galerie (Hluboká nad Vltavou, Česko)
Jazyk: Čeština
Vydáno: [Hluboká nad Vltavou] : Alšova jihočeská galerie, [2017]
Vydání: První vydání
Témata:
Externí odkaz: Digitalizovaný dokument
Fyzický popis: 36 nečíslovaných stran : barevné ilustrace : 21 cm
Knihy
Uloženo v:
LEADER 02314nam a2200565 i 4500
001 nkc20172897573
003 CZ PrNK
005 20170607151138.0
007 ta
008 170523s2017 xr a e c 000 0dcze
020 |a 978-80-87799-62-8  |q (brožováno) 
040 |a ABA001  |b cze  |e rda 
043 |a e-fr---  |a e-xr--- 
045 |a w8x1 
072 7 |a 75  |x Malířství  |2 Konspekt  |9 21 
080 |a 75(44)  |2 MRF 
080 |a 75(437.3)  |2 MRF 
080 |a 7.036.2  |2 MRF 
080 |a (44)  |2 MRF 
080 |a (437.3)  |2 MRF 
080 |a (083.824)  |2 MRF 
100 1 |a Hnojil, Adam,  |d 1976-  |7 mzk2004258545  |4 aut 
245 1 0 |a Impresionismus! :  |b nálady a imprese ve francouzském a českém umění /  |c text: Adam Hnojil 
250 |a První vydání 
264 1 |a [Hluboká nad Vltavou] :  |b Alšova jihočeská galerie,  |c [2017] 
300 |a 36 nečíslovaných stran :  |b barevné ilustrace :  |c 21 cm 
336 |a text  |b txt  |2 rdacontent 
336 |a statický obraz  |b sti  |2 rdacontent 
337 |a bez média  |b n  |2 rdamedia 
338 |a svazek  |b nc  |2 rdacarrier 
500 |a Název z obálky 
500 |a Katalog ke stejnojmenné výstavě konané v Alšově jihočeské galerii v Hluboké nad Vltavou 19.3-11.6.2017 
648 7 |a 19.-20. století  |7 ch757015  |2 czenas 
650 0 7 |a francouzské malířství  |7 ph120370  |y 19.-20. století  |2 czenas 
650 0 7 |a české malířství  |7 ph116864  |y 19.-20. století  |2 czenas 
650 0 7 |a impresionismus (umění)  |7 ph121040  |z Francie  |2 czenas 
650 0 7 |a impresionismus (umění)  |7 ph121040  |z Česko  |2 czenas 
650 0 9 |a French painting  |y 19th-20th centuries  |2 eczenas 
650 0 9 |a Czech painting  |y 19th-20th centuries  |2 eczenas 
650 0 9 |a impressionism (art)  |z France  |2 eczenas 
650 0 9 |a impressionism (art)  |z Czechia  |2 eczenas 
655 7 |a katalogy výstav  |7 fd132536  |2 czenas 
655 9 |a exhibition catalogs  |2 eczenas 
710 2 |a Alšova jihočeská galerie (Hluboká nad Vltavou, Česko)  |7 kn20010724031  |4 isb  |4 orm 
856 4 1 |u http://www.digitalniknihovna.cz/mzk/uuid/uuid:b31a5460-777c-11ec-bc36-005056827e51  |y Digitalizovaný dokument  |x NDK 
910 2 |a BOA001  |b 2-1387.975 
990 |a BK 
995 |a 11 
991 |b 201705  |c NOV 
996 6 |b 2610707843  |c 2-1387.975  |l MZK  |r Sklad / do 1 hodiny  |n 10  |p p.v.  |w 001613269  |u 000010  |a 1  |e BOA001  |j MZK50  |s P